| 000 | 01145nam a22003017a 4500 | ||
|---|---|---|---|
| 003 | dpl | ||
| 005 | 20170123164146.0 | ||
| 008 | 161215b xxu||||| |||| 00| 0 eng d | ||
| 010 | _aB-210197 | ||
| 020 |
_c150.00 _a8126020784 |
||
| 035 | _aB-210197 | ||
| 037 | _aCen Lib/Ret | ||
| 040 |
_aDPL _bPA _cTIT |
||
| 082 |
_aਓ _bਜੈਕਾਂਤ |
||
| 100 |
_aਜੈਕਾਂਤਨ, ਡੀ _9122178 |
||
| 245 |
_aਬਦਲਦੇ ਚਿਹਰੇ / _cਡੀ ਜੈਕਾਂਤਨ ; ਅਨੁਵਾਦਕ ਵਨੀਤਾ |
||
| 246 |
_aBadlde Chehre / _bby Jayakanthan ; translated by Vanita |
||
| 260 |
_aਦਿੱਲੀ _bਸਾਹਿਤ ਅਕਾਦੇਮੀ _c2005 |
||
| 270 | _bਦਿੱਲੀ | ||
| 300 |
_a256p ; _b24cm(Hb) |
||
| 500 | _aਸਾਹਿਤ ਅਕਾਦੇਮੀ ਵੇੰਲੋ ਸਨਮਾਨਿਤ ਤਲੀਲ ਨਾਵਲ | ||
| 650 |
_aਸਾਹਿਤ --ਪੰਜਾਬੀ _9122179 |
||
| 650 |
_aਪੰਜਾਬੀ -- ਨਾਵਲ _9122180 |
||
| 650 |
_aliterature--Punjabi _9114104 |
||
| 650 |
_aPunjabi-- noval _9115816 |
||
| 700 |
_aਵਨੀਤਾ _96954 |
||
| 942 |
_2ddc _cPN _hਓ _mਜੈਕਾਂਤ |
||
| 999 |
_c109986 _d109986 |
||